00603cam a22001217a 4500008004000000082002100040100005200061245025700113260005000370300001100420500002400431700002600455180718b1967 xxu||||| |||| 00| 0 eng d aB706x42 Un3/We/9 aRoyal Commission on Local Government in England aRoyal commission on Local Government in England: written evidence of the County Councils Association, Association of Muciple Corporations, National Association of Parish Councils, Rural District Councils Association, Urban District Councils Association aLondonbHer Majesty's Stationery Officec1967 a315+p. aChairman: John Maud aMaud, John (Chairman)